| 000 | 00945cam a22003013a 4500 | ||
|---|---|---|---|
| 001 | 16407016 | ||
| 003 | OSt | ||
| 005 | 20140310182325.0 | ||
| 008 | 950928s1995 nyu j 000 1 eng d | ||
| 010 | _a 97810832 | ||
| 020 |
_a067152741X (pbk.) : _c$3.99 |
||
| 035 | _a(OCoLC)ocm33215725 | ||
| 040 |
_aEOW _cEOW _dSLC _dZZC _dOCL _dDLC |
||
| 050 | 0 | 0 |
_aPZ 7 _b.K26o 1995 |
| 082 |
_aFIC _bK25no #2 |
||
| 100 | 1 |
_aKeene, Carolyn. _94653 |
|
| 245 | 1 | 0 |
_aOn her own / _cCarolyn Keene. |
| 260 |
_aNew York : _bPocket Books, _c1995. |
||
| 300 |
_a181 p. : _c18 cm. |
||
| 440 | 0 |
_aNancy Drew on campus ; _v2 _921250 |
|
| 650 | 0 |
_aDrew, Nancy (Fictitious character) _vFiction. _921251 |
|
| 650 | 0 |
_aCollege stories. _95072 |
|
| 655 | 7 |
_aYoung adult fiction. _2lcsh _93735 |
|
| 710 | 2 |
_aCopyright Paperback Collection (Library of Congress) _5DLC _9705 |
|
| 906 |
_a7 _bcbc _ccopycat _d2 _encip _f19 _gy-genrareb |
||
| 942 |
_2lcc _cBK-FIC |
||
| 999 |
_c11880 _d11880 |
||